000 00894nam a2200301 a 4500
001 46475
003 UkOxU
005 20211209054145.0
008 160802s1944 ii 000 0 eng d
020 _a0908581696
035 _a(BD-RjUL)46593
040 _aBD-RjUL
_beng
041 _aeng
082 _223
_a174.3
_bAIL 1944
100 _aAiyer,P.Ramanatha
_9141836
245 0 0 _aLegal ethics /
_cP.Ramanatha Aiyer
260 _amadras :
_bThe Madras Law Journal Press,
_c1944
300 _aVarious p. ;
_c25 cm
490 _aThe Advocacy series
504 _ainclude index
650 0 _aLegal ethics.
_9141602
700 1 _aTeague, Bernard.
_9141837
700 1 _aRickett, C. E. F.
_9141838
710 2 _aLegal Research Foundation (University of Auckland)
_9141839
740 0 _aLegal ethics in court practice
740 0 _aLegal ethics in general legal practice
942 _2ddc
_cBK
999 _c46475
_d46475